000 00825nma a22001937a 4500
003 NALT
005 20251001144057.0
006 g q ||
008 s2552 th tha d
040 _aNALT
041 _atha
090 _aCD 2455
245 0 0 _aรายการปุจฉา-วิสัชนาธรรมกับพระอาจารย์อารยะวังโส.
260 _aกรุงเทพฯ :
_bสถานีวิทยุกระจายเสียงและวิทยุโทรทัศน์รัฐสภา สำนักงานเลขาธิการสภาผู้แทนราษฎร,
_c2552.
300 _a1 แผ่น :
_bsd., Col.
650 4 _aธรรมเทศนา
_910018
850 _aNALT
942 _cCD
_2local
999 _c74109
_d74109
998 _j104
_k นางสาวสายฝน ดีงาม